| 000 | 01521nam a2200373Ia 4500 | ||
|---|---|---|---|
| 001 | ebr10278619 | ||
| 003 | CaPaEBR | ||
| 006 | m u | ||
| 007 | cr cn||||||||| | ||
| 008 | 981019s1999 nyu sb 001 0 eng d | ||
| 010 | _z 98047851 | ||
| 020 | _z019511700X | ||
| 020 | _z9780195117004 | ||
| 040 |
_aCaPaEBR _cCaPaEBR |
||
| 035 | _a(OCoLC)252642610 | ||
| 050 | 1 | 4 |
_aGR356.72.H38 _bS43 1999eb |
| 082 | 0 | 4 |
_a398.2/089/967827 _221 |
| 100 | 1 | _aSeitel, Peter. | |
| 245 | 1 | 4 |
_aThe powers of genre _h[electronic resource] : _binterpreting Haya oral literature / _cPeter Seitel. |
| 260 |
_aNew York : _bOxford University Press, _cc1999. |
||
| 300 | _aviii, 248 p. | ||
| 490 | 1 |
_aOxford studies in anthropological linguistics ; _v22 |
|
| 504 | _aIncludes bibliographical references (p. 237-240) and index. | ||
| 533 |
_aElectronic reproduction. _bPalo Alto, Calif. : _cebrary, _d2011. _nAvailable via World Wide Web. _nAccess may be limited to ebrary affiliated libraries. |
||
| 650 | 0 |
_aDiscourse analysis, Narrative _zTanzania. |
|
| 650 | 0 |
_aFolk literature, Haya _xHistory and criticism. |
|
| 650 | 0 |
_aHaya (African people) _vFolklore. |
|
| 650 | 0 |
_aHaya language _xHistory and criticism. |
|
| 650 | 0 |
_aOral tradition _zTanzania. |
|
| 655 | 7 |
_aElectronic books. _2local |
|
| 710 | 2 | _aebrary, Inc. | |
| 830 | 0 |
_aOxford studies in anthropological linguistics ; _v22. |
|
| 856 | 4 | 0 |
_uhttp://site.ebrary.com/lib/rucke/Doc?id=10278619 _zAn electronic book accessible through the World Wide Web; click to view |
| 999 |
_c5052 _d5052 |
||